| 000 | 00542cam a2200181 4500500 | ||
|---|---|---|---|
| 005 | 20260405002228.0 | ||
| 041 | _afre | ||
| 042 | _adc | ||
| 100 | 1 | 0 |
_aRogé, Antoine _eauthor |
| 245 | 0 | 0 | _aLe museau vinaigrette d’Emmanuel Levinas |
| 260 | _c2016. | ||
| 500 | _a47 | ||
| 690 | _aCuisine | ||
| 690 | _aLevinas | ||
| 690 | _aRecette | ||
| 786 | 0 | _nPhilosophie magazine | 100 | 6 | 2016-06-01 | p. 48-48 | 1951-1787 | |
| 856 | 4 | 1 | _uhttps://shs.cairn.info/magazine-philosophie-magazine-2016-6-page-48?lang=fr&redirect-ssocas=7080 |
| 999 |
_c2055622 _d2055622 |
||